[Event "SWE-chB"]
[Site "Stockholm"]
[Date "2017.07.08"]
[Round "1"]
[White "Akesson, Ralf"]
[Black "Rosberg, Simon"]
[Result "1-0"]
[WhiteElo "2435"]
[BlackElo "2309"]
[PlyCount "73"]
[EventDate "2017.07.08"]
[EventType "tourn"]
[EventRounds "9"]
[EventCountry "SWE"]
[EventCategory "4"]
[SourceTitle "EXT 2018"]
[Source "ChessBase"]
[SourceDate "2017.10.13"]
[SourceVersion "1"]
[SourceVersionDate "2017.10.13"]
[SourceQuality "1"]
1. c4 c6 2. Nf3 d5 3. d4 Nf6 4. e3 Bg4 5. Nc3 e6 6. Qb3 Qb6 7. Nh4 Be7 8. h3
Bh5 9. g4 Bg6 10. Nxg6 hxg6 11. Bg2 g5 12. c5 Qc7 13. e4 Nxe4 14. Bxe4 dxe4 15.
Nxe4 Qd7 16. Be3 f6 17. O-O-O Na6 18. f4 Qd5 19. Qxd5 cxd5 20. Nc3 gxf4 21.
Bxf4 g5 22. Bg3 b6 23. Rde1 Kf7 24. cxb6 axb6 25. Re3 Rac8 26. Kb1 Rc6 27. Nb5
Rc4 28. a3 Re8 29. Rhe1 Bf8 30. h4 gxh4 31. Bxh4 Nb8 32. Rf1 Nd7 33. Bxf6 Kg6
34. Bh4 e5 35. Ref3 exd4 36. Rf7 Re2 37. Rxd7 1-0

[Event "SWE-chB"]
[Site "Stockholm"]
[Date "2017.07.08"]
[Round "1"]
[White "Ernst, Thomas"]
[Black "Engqvist, Thomas"]
[Result "0-1"]
[WhiteElo "2381"]
[BlackElo "2347"]
[PlyCount "68"]
[EventDate "2017.07.08"]
[EventType "tourn"]
[EventRounds "9"]
[EventCountry "SWE"]
[EventCategory "4"]
[SourceTitle "EXT 2018"]
[Source "ChessBase"]
[SourceDate "2017.10.13"]
[SourceVersion "1"]
[SourceVersionDate "2017.10.13"]
[SourceQuality "1"]
1. e4 e5 2. Nf3 Nc6 3. Bb5 Nf6 4. Qe2 Bc5 5. Bxc6 bxc6 6. Nxe5 Qe7 7. Nd3 Ba6
8. f3 d5 9. Nc3 O-O-O 10. exd5 Qd6 11. Ne4 Nxe4 12. fxe4 cxd5 13. e5 Qg6 14.
Nf4 Bxe2 15. Nxg6 hxg6 16. Kxe2 Rde8 17. c3 Rxe5+ 18. Kd1 Bd6 19. d4 Rf5 20.
Be3 Bxh2 21. Ke2 Rfh5 22. g4 Rh3 23. Raf1 f6 24. Rf3 R3h4 25. g5 f5 26. Kd3 Bd6
27. Rxh4 Rxh4 28. b3 f4 29. Bd2 Kd7 30. c4 c6 31. cxd5 cxd5 32. b4 Ke6 33. a4
Kf5 34. b5 Kxg5 0-1

[Event "SWE-chB"]
[Site "Stockholm"]
[Date "2017.07.08"]
[Round "1"]
[White "Von Bahr, Oskar"]
[Black "Ask, Josef"]
[Result "1-0"]
[WhiteElo "2423"]
[BlackElo "2120"]
[PlyCount "122"]
[EventDate "2017.07.08"]
[EventType "tourn"]
[EventRounds "9"]
[EventCountry "SWE"]
[EventCategory "4"]
[SourceTitle "EXT 2018"]
[Source "ChessBase"]
[SourceDate "2017.10.13"]
[SourceVersion "1"]
[SourceVersionDate "2017.10.13"]
[SourceQuality "1"]
1. e4 e5 2. Nf3 Nc6 3. Bb5 g6 4. d4 exd4 5. Bg5 Be7 6. Bxe7 Qxe7 7. Bxc6 dxc6
8. Qxd4 Nf6 9. Nc3 Bg4 10. Nd2 c5 11. Qe3 O-O-O 12. h3 Bd7 13. O-O-O Bc6 14. f3
Nh5 15. Rhe1 Ng7 16. Nc4 b6 17. Qh6 Rxd1+ 18. Rxd1 f5 19. Nd5 Bxd5 20. exd5 Ne8
21. Qd2 Nd6 22. Re1 Qd7 23. Nxd6+ Qxd6 24. c4 Rd8 25. Qg5 Rd7 26. Re8+ Kb7 27.
f4 Rf7 28. b3 Qd7 29. Re6 Qc8 30. Qg3 Qh8 31. Re5 Rd7 32. Kc2 Qf6 33. Qe3 Ka6
34. a3 Kb7 35. b4 Qf8 36. bxc5 Qxc5 37. Qxc5 bxc5 38. Re6 Rd6 39. Re7 h5 40.
Re3 c6 41. Re5 cxd5 42. cxd5 Kb6 43. Kb3 Kc7 44. Kc4 Ra6 45. Re7+ Kd8 46. Rg7
Rxa3 47. d6 Ra1 48. Rxg6 Kd7 49. Kd5 Rd1+ 50. Kxc5 a5 51. Rg7+ Ke6 52. Re7+ Kf6
53. Re3 a4 54. Kc6 Rc1+ 55. Kd7 Rd1 56. Kc7 Rc1+ 57. Kd8 a3 58. Rxa3 Ke6 59. d7
Rd1 60. Ke8 Rxd7 61. Re3+ Kd5 1-0

[Event "SWE-chB"]
[Site "Stockholm"]
[Date "2017.07.08"]
[Round "1"]
[White "Ornstein, Axel"]
[Black "Johansson, Jan"]
[Result "1-0"]
[WhiteElo "2356"]
[BlackElo "2341"]
[PlyCount "51"]
[EventDate "2017.07.08"]
[EventType "tourn"]
[EventRounds "9"]
[EventCountry "SWE"]
[EventCategory "4"]
[SourceTitle "EXT 2018"]
[Source "ChessBase"]
[SourceDate "2017.10.13"]
[SourceVersion "1"]
[SourceVersionDate "2017.10.13"]
[SourceQuality "1"]
1. d4 Nf6 2. Nf3 c5 3. c3 e6 4. Bg5 Nc6 5. e3 Qb6 6. Qb3 d5 7. Nbd2 Bd7 8. Be2
Be7 9. O-O cxd4 10. exd4 Ne4 11. Bxe7 Nxd2 12. Nxd2 Nxe7 13. Bd3 O-O 14. Rfe1
Nc8 15. Qc2 g6 16. h4 Bb5 17. Bxb5 Qxb5 18. h5 Ne7 19. Nf3 Rfd8 20. Rad1 Qe8
21. Rd3 Nf5 22. Qd2 Qf8 23. hxg6 hxg6 24. Ng5 Qd6 25. Rh3 Re8 26. g4 1-0

[Event "SWE-chB"]
[Site "Stockholm"]
[Date "2017.07.08"]
[Round "1"]
[White "Eriksson, Johan"]
[Black "Thorn, Eric"]
[Result "1-0"]
[WhiteElo "2391"]
[BlackElo "2325"]
[PlyCount "69"]
[EventDate "2017.07.08"]
[EventType "tourn"]
[EventRounds "9"]
[EventCountry "SWE"]
[EventCategory "4"]
[SourceTitle "EXT 2018"]
[Source "ChessBase"]
[SourceDate "2017.10.13"]
[SourceVersion "1"]
[SourceVersionDate "2017.10.13"]
[SourceQuality "1"]
1. d4 Nf6 2. c4 e6 3. Nc3 Bb4 4. f3 c5 5. d5 b5 6. e4 O-O 7. Bg5 h6 8. Bh4 exd5
9. cxd5 Re8 10. Nge2 d6 11. Rc1 Nbd7 12. Bf2 a6 13. Ng3 Ba5 14. Be2 b4 15. Nb1
b3+ 16. Nd2 bxa2 17. O-O Rb8 18. Nc4 Ne5 19. Nxa5 Qxa5 20. Be1 Qb6 21. Bc3 Bd7
22. Ra1 c4+ 23. Kh1 Qb3 24. Qd2 Nh7 25. Bd1 Qb6 26. Rxa2 Bb5 27. Nf5 f6 28. Be2
Qc7 29. Ra3 Ng5 30. Qd4 Ngf7 31. f4 Nd7 32. Bh5 Kf8 33. Re1 Red8 34. Bb4 Nc5
35. Rg3 1-0